[Event "Budapest FS05 IM IT"]
[Site "Budapest"]
[Date "1997.??.??"]
[Round "13"]
[White "Lauber, Arnd"]
[Black "Jetzl, Joerg"]
[Result "1/2-1/2"]
[WhiteElo "2360"]
[BlackElo "2245"]
[PlyCount "88"]
[EventDate "1997.05.??"]
[EventType "tourn"]
[EventRounds "13"]
[EventCountry "HUN"]
[EventCategory "3"]
[Source "Fruth,M"]
[SourceDate "2003.05.15"]

1. d4 e6 2. c4 d5 3. Nc3 c5 4. cxd5 cxd4 5. Qxd4 Nc6 6. Qd1 exd5 7. Qxd5 Be6 8.
Qxd8+ Rxd8 9. e3 Nb4 10. Bb5+ Ke7 11. Kf1 g5 12. Nf3 Bg7 13. Ne1 Nf6 14. e4 a6
15. Be2 h6 16. Be3 Nd7 17. a3 Nc6 18. f3 Na5 19. Kf2 Nc4 20. Bxc4 Bxc4 21. Nc2
Ne5 22. Nb4 Ke6 23. Kg3 a5 24. Nbd5 Nd3 25. Rab1 f5 26. Bb6 h5 27. exf5+ Kf7
28. f6 h4+ 29. Kh3 Bf8 30. g3 Rxd5 31. Nxd5 Bxd5 32. Rhd1 hxg3+ 33. Kxg3 Bd6+
34. Kg2 Rxh2+ 35. Kf1 Bc4 36. Kg1 Bf4 37. b3 Ba6 38. Be3 Re2 39. Bxf4 gxf4 40.
b4 axb4 41. axb4 Bb5 42. Ra1 Ba6 43. Rxa6 bxa6 44. Rxd3 Kxf6 1/2-1/2

[Event "IECG WC 9700 F01 corr T"]
[Site "corr"]
[Date "1997.??.??"]
[Round "?"]
[White "Bormida, Adolfo"]
[Black "Sasata, Robert"]
[Result "1-0"]
[WhiteElo "2314"]
[BlackElo "2420"]
[PlyCount "71"]
[EventDate "1997.05.??"]
[EventType "tourn (corr)"]
[EventRounds "9"]
[EventCategory "7"]
[Source "Fruth,M"]
[SourceDate "2003.05.15"]

1. d4 d5 2. c4 e6 3. Nc3 c5 4. cxd5 cxd4 5. Qxd4 Nc6 6. Qd1 exd5 7. Qxd5 Bd7 8.
e3 Nf6 9. Qb3 Bc5 10. Nf3 Qe7 11. Be2 O-O-O 12. Bd2 Kb8 13. Rc1 Be6 14. Qa4
Rhg8 15. O-O g5 16. Rfd1 g4 17. Nd4 Bd7 18. Nxc6+ Bxc6 19. Bb5 Bf3 20. Ne2 Rxd2
21. Rxd2 Bxe3 22. fxe3 Qxe3+ 23. Kh1 Qxd2 24. gxf3 gxf3 25. Qf4+ Qxf4 26. Nxf4
Rg4 27. Nd3 Rd4 28. Kg1 a6 29. Bc4 Ne4 30. Ne5 f2+ 31. Kg2 f6 32. Nf3 Rd6 33.
Bg8 h6 34. Bh7 Ng5 35. Nxg5 hxg5 36. Rc2 1-0

[Event "Komercni Banka op"]
[Site "Pardubice"]
[Date "1997.07.22"]
[Round "6"]
[White "Shtyrenkov, Veniamen"]
[Black "Galkin, Sergey"]
[Result "1/2-1/2"]
[WhiteElo "2460"]
[BlackElo "2340"]
[PlyCount "116"]
[EventDate "1997.07.17"]
[EventType "swiss"]
[EventRounds "9"]
[EventCountry "CZE"]
[Source "Fruth,M"]
[SourceDate "2003.05.15"]

1. d4 d5 2. c4 e6 3. Nc3 c5 4. cxd5 cxd4 5. Qxd4 Nc6 6. Qa4 exd5 7. Nf3 Nf6 8.
Bg5 Bb4 9. e3 h6 10. Bxf6 Qxf6 11. Rc1 O-O 12. Bb5 Qd6 13. O-O Bg4 14. Be2 Be6
15. Rfd1 a6 16. a3 b5 17. Qc2 Bxc3 18. Qxc3 Rac8 19. Qd2 Rfd8 20. Nd4 Ne5 21.
Qb4 Qb8 22. b3 Rxc1 23. Rxc1 Rc8 24. Qd2 Bg4 25. Bf1 Bd7 26. h3 Rxc1 27. Qxc1
Qd6 28. Be2 g5 29. Kf1 Ng6 30. Kg1 f5 31. a4 bxa4 32. bxa4 f4 33. a5 fxe3 34.
Qxe3 Nf4 35. Bf1 Kf7 36. g3 Nxh3+ 37. Kh2 g4 38. Bxh3 gxh3 39. Nf3 Qe6 40. Ne5+
Ke7 41. Qd4 Bb5 42. g4 Qd6 43. Kxh3 Qa3+ 44. Kh4 Qxa5 45. Kh5 Qd8 46. f4 Be8+
47. Kxh6 Qd6+ 48. Kh7 Kf8 49. Qa7 Qe7+ 50. Qxe7+ Kxe7 51. g5 Ba4 52. g6 Bc2 53.
Kh6 d4 54. g7 Bb3 55. Nc6+ Kf6 56. Nxd4 Bg8 57. Nc6 Kf7 58. Na5 Kf6 1/2-1/2

[Event "Berliner Sommer op"]
[Site "Berlin"]
[Date "1997.??.??"]
[Round "9"]
[White "Van Laatum, Gozewijn"]
[Black "Tuchenhagen, Axel"]
[Result "1-0"]
[WhiteElo "2355"]
[BlackElo "2190"]
[PlyCount "59"]
[EventDate "1997.08.??"]
[EventType "swiss"]
[EventRounds "9"]
[EventCountry "GER"]
[Source "Fruth,M"]
[SourceDate "2003.05.15"]

1. d4 d5 2. c4 e6 3. Nc3 c5 4. cxd5 cxd4 5. Qxd4 Nc6 6. Qd1 exd5 7. Qxd5 Be6 8.
Qxd8+ Rxd8 9. e3 Nb4 10. Bb5+ Ke7 11. Kf1 a6 12. Be2 b5 13. b3 Nc2 14. Rb1 b4
15. Na4 Bf5 16. Rb2 Na3 17. Nf3 Rc8 18. Bd2 a5 19. Nd4 g6 20. Nb6 Rc5 21. Nc4
Nxc4 22. bxc4 Bg7 23. Rxb4 axb4 24. Bxb4 Kd6 25. Nb3 Ne7 26. Bxc5+ Kd7 27. g4
Bb1 28. Kg2 Bxa2 29. Rd1+ Ke8 30. Nd4 1-0

[Event "Lost Boys op"]
[Site "Antwerp"]
[Date "1997.??.??"]
[Round "9"]
[White "Bosboom, Manuel"]
[Black "Vedder, Henk"]
[Result "0-1"]
[WhiteElo "2430"]
[BlackElo "2350"]
[PlyCount "66"]
[EventDate "1997.08.02"]
[EventType "swiss"]
[EventRounds "9"]
[EventCountry "BEL"]
[Source "Fruth,M"]
[SourceDate "2003.05.15"]

1. d4 d5 2. c4 e6 3. Nc3 c5 4. cxd5 cxd4 5. Qxd4 Nc6 6. Qd1 exd5 7. Qxd5 Bd7 8.
Nf3 Nf6 9. Qd1 Bc5 10. e3 Qe7 11. a3 O-O 12. Be2 Rad8 13. Qc2 Rfe8 14. O-O Ne5
15. Nd4 a6 16. Rd1 Ng6 17. b4 Ba7 18. Nf5 Qe5 19. Ng3 Rc8 20. Bb2 Bc6 21. Nd5
Qxd5 22. Rxd5 Nxd5 23. Nf5 Nxe3 24. Nxe3 Rxe3 25. Bf1 Re4 26. g3 Rce8 27. Rd1
Nh4 28. Qc3 Bd4 29. Rxd4 Rxd4 30. gxh4 Rg4+ 31. Bg2 Rxg2+ 32. Kf1 Rg4 33. f3
Bb5+ 0-1

[Event "EM/C TT"]
[Site "corr"]
[Date "1997.09.01"]
[Round "1"]
[White "Esses, Marcelo Jorge"]
[Black "Fitzpatrick, Simon P"]
[Result "1-0"]
[WhiteElo "2200"]
[BlackElo "2400"]
[PlyCount "39"]
[EventDate "1997.09.??"]
[EventType "tourn (corr)"]
[EventRounds "9"]
[Source "Fruth,M"]
[SourceDate "2003.05.15"]

1. d4 d5 2. c4 e6 3. Nc3 c5 4. cxd5 cxd4 5. Qa4+ Nc6 6. dxc6 bxc6 7. Nb1 Qb6 8.
Nf3 Bc5 9. Nbd2 Ba6 10. Nb3 Bb5 11. Qa5 Qxa5+ 12. Nxa5 Bb6 13. Bd2 c5 14. e3
Bxf1 15. Rxf1 dxe3 16. fxe3 Nf6 17. Nc4 Ne4 18. Ba5 Rb8 19. O-O-O f6 20. Nfd2
1-0

[Event "EM/C TT"]
[Site "corr"]
[Date "1998.02.06"]
[Round "6"]
[White "Pyshkin, Alexander"]
[Black "Fitzpatrick, Simon P"]
[Result "1-0"]
[WhiteElo "2480"]
[BlackElo "2400"]
[PlyCount "93"]
[EventDate "1997.09.??"]
[EventType "tourn (corr)"]
[EventRounds "9"]
[Source "Fruth,M"]
[SourceDate "2003.05.15"]

1. d4 d5 2. c4 e6 3. Nc3 c5 4. cxd5 cxd4 5. Qa4+ Bd7 6. Qxd4 exd5 7. Qxd5 Nc6
8. Nf3 Nf6 9. Qd1 Bc5 10. e3 Qe7 11. Be2 O-O-O 12. O-O g5 13. b4 Bxb4 14. Qb3
Be6 15. Qb2 Rhg8 16. Nb5 Kb8 17. Ne5 Bd5 18. Nxc6+ Bxc6 19. Nd4 Bd5 20. Nf5 Qe4
21. f3 Qxf5 22. Qxb4 g4 23. fxg4 Qc2 24. Bf3 Nxg4 25. Bxd5 Rxd5 26. Rb1 Rd7 27.
Qf4+ Ka8 28. Rb2 Qc3 29. Re2 Ne5 30. Qf5 Qd3 31. Qxd3 Nxd3 32. Rd2 Rgd8 33.
Rfd1 b6 34. Bb2 Nc5 35. Rxd7 Rxd7 36. Rxd7 Nxd7 37. Kf2 Kb7 38. Kf3 Kc6 39. Kf4
Kd5 40. h4 a5 41. Kg5 Ne5 42. h5 b5 43. Kh6 Ng4+ 44. Kxh7 Ke4 45. Bd4 f5 46. g3
b4 47. Kg6 1-0

[Event "GER-ch TT BL2 W 199798"]
[Site "GER"]
[Date "1998.??.??"]
[Round "?.2"]
[White "Kipper, Jens"]
[Black "Kuijf, Marinus"]
[Result "0-1"]
[WhiteElo "2195"]
[BlackElo "2460"]
[PlyCount "82"]
[EventDate "1997.10.??"]
[EventType "team"]
[EventRounds "9"]
[EventCountry "GER"]
[Source "Fruth,M"]
[SourceDate "2003.05.15"]

1. d4 d5 2. c4 e6 3. Nc3 c5 4. cxd5 cxd4 5. Qa4+ Bd7 6. Qxd4 exd5 7. Qxd5 Nc6
8. e3 Nf6 9. Qd1 Bc5 10. Nf3 Qe7 11. Be2 O-O 12. O-O Rfd8 13. a3 Ne5 14. b4 Bd6
15. Qc2 Rac8 16. Bb2 Nfg4 17. g3 Qf6 18. Nxe5 Bxe5 19. Rac1 Nxh2 20. Kxh2 Qh4+
21. Kg1 Bxg3 22. fxg3 Qxg3+ 23. Kh1 Qh3+ 24. Kg1 Qg3+ 25. Kh1 Rc6 26. Bh5 Rh6
27. Qh2 Qg5 28. Ne4 Qxh5 29. Qxh5 Rxh5+ 30. Kg1 Bc6 31. Rcd1 Re8 32. Rf4 f5 33.
Nf2 Rg5+ 34. Kf1 Rxe3 35. Nd3 Rh3 36. Rf2 Bb5 37. Ke2 Rgg3 38. Rc1 Re3+ 39. Kd2
Rxd3+ 40. Kc2 Rdf3 41. Rxf3 Rxf3 0-1

[Event "Graz op"]
[Site "Graz"]
[Date "1997.??.??"]
[Round "9"]
[White "Singer, Richard"]
[Black "Jetzl, Joerg"]
[Result "1/2-1/2"]
[WhiteElo "2160"]
[BlackElo "2255"]
[PlyCount "79"]
[EventDate "1997.10.??"]
[EventType "swiss"]
[EventRounds "9"]
[EventCountry "AUT"]
[Source "Fruth,M"]
[SourceDate "2003.05.15"]

1. d4 e6 2. c4 d5 3. Nc3 c5 4. cxd5 cxd4 5. Qa4+ b5 6. Nxb5 Bd7 7. e4 exd5 8.
exd5 Bc5 9. Bf4 Nf6 10. Bd6 Bxd6 11. Nxd6+ Kf8 12. Qa3 Qe7+ 13. Kd2 Nxd5 14.
Nf3 Nc6 15. Bc4 Be6 16. Bxd5 Bxd5 17. Rhe1 Be6 18. Rac1 Nd8 19. Nxd4 Kg8 20.
Re3 Qh4 21. Nf3 Qxf2+ 22. Re2 Qb6 23. Nc8 Rxc8 24. Rxc8 g6 25. Qc3 h6 26. Rc5
Kh7 27. Nd4 Qd6 28. Ke1 Qxh2 29. Nxe6 Qg1+ 30. Kd2 Nxe6 31. Rd5 Nf4 32. Rd7 Rf8
33. Qb4 Qf1 34. Qxf8 Qxe2+ 35. Kc1 Qc4+ 36. Kd2 Qe2+ 37. Kc1 Qc4+ 38. Kd2 Qe2+
39. Kc3 Qc4+ 40. Kd2 1/2-1/2

[Event "Wichern op 4"]
[Site "Hamburg"]
[Date "1997.??.??"]
[Round "7"]
[White "Grabliauskas, Virginijus"]
[Black "Bach, Matthias"]
[Result "1/2-1/2"]
[WhiteElo "2445"]
[BlackElo "2320"]
[PlyCount "113"]
[EventDate "1997.10.??"]
[EventType "swiss"]
[EventRounds "9"]
[EventCountry "GER"]
[Source "Fruth,M"]
[SourceDate "2003.05.15"]

1. d4 d5 2. c4 e6 3. Nc3 c5 4. cxd5 cxd4 5. Qa4+ Bd7 6. Qxd4 exd5 7. Qxd5 Nf6
8. Qd1 Nc6 9. Nf3 Bc5 10. a3 Qe7 11. e3 O-O-O 12. Qc2 Kb8 13. Be2 g5 14. b4 Bd6
15. Bb2 g4 16. Nd2 Ne5 17. Nb5 Rc8 18. Qb3 Bxb5 19. Bxb5 h5 20. Rd1 h4 21. Nc4
Nxc4 22. Bxc4 g3 23. hxg3 hxg3 24. Rxh8 gxf2+ 25. Kxf2 Rxh8 26. Bxf6 Qxf6+ 27.
Ke2 Rc8 28. Bxf7 Bg3 29. Rf1 Qc6 30. Qd5 Qa6+ 31. b5 Qxa3 32. Be6 Rf8 33. Rxf8+
Qxf8 34. Bf5 Qd6 35. Qf7 Qd8 36. Be4 Bc7 37. g4 Qd6 38. Bd5 a6 39. bxa6 Qxa6+
40. Kf2 Qd6 41. Ke2 Qa6+ 42. Bc4 Qc6 43. Kd3 Qh1 44. Qe6 Qb1+ 45. Ke2 Qc2+ 46.
Kf3 Qd1+ 47. Ke4 Qh1+ 48. Kf5 Qh7+ 49. Kf6 Bd8+ 50. Ke5 Bc7+ 51. Kd5 Qh1+ 52.
Qe4 Qh6 53. Kd4 Qb6+ 54. Kc3 Qf6+ 55. Kd3 Qf1+ 56. Kc2 Bb6 57. Qf4+ 1/2-1/2

[Event "Hellir op"]
[Site "Reykjavik"]
[Date "1997.10.31"]
[Round "8"]
[White "Karason, Askell Orn"]
[Black "Bjornsson, Bjorn Freyr"]
[Result "1-0"]
[WhiteElo "2305"]
[BlackElo "2220"]
[PlyCount "97"]
[EventDate "1997.10.24"]
[EventType "swiss"]
[EventRounds "9"]
[EventCountry "ISL"]
[Source "Fruth,M"]
[SourceDate "2003.05.15"]

1. d4 d5 2. c4 e6 3. Nc3 c5 4. cxd5 cxd4 5. Qa4+ Bd7 6. Qxd4 exd5 7. Qxd5 Nc6
8. Nf3 Nf6 9. Qb3 Bb4 10. a3 Be6 11. Qc2 Qa5 12. Bd2 Bf5 13. Qb3 Be6 14. Qd1
Be7 15. e3 O-O 16. Be2 Rfd8 17. O-O Rd7 18. Qc2 Qd8 19. b4 Rc8 20. Rfd1 Ng4 21.
Be1 Bf6 22. Rxd7 Qxd7 23. Rd1 Qe7 24. Nd5 Bxd5 25. Rxd5 Qe6 26. Qd1 Re8 27. Bc4
Qc8 28. Bb3 Nge5 29. Nxe5 Nxe5 30. h3 g6 31. b5 Nc4 32. Rd7 Rf8 33. Bb4 Nb6 34.
Rd3 Rd8 35. Rxd8+ Qxd8 36. Qxd8+ Bxd8 37. Kf1 Kg7 38. Ke2 Kf6 39. Kd3 Bc7 40.
a4 Nd7 41. Ke4 Bb6 42. Kd5 Bd8 43. a5 Bc7 44. a6 Nb6+ 45. Ke4 bxa6 46. bxa6 Nd7
47. Kd5 Bb6 48. Ba4 Nb8 49. Bb5 1-0

[Event "Aarhus Masters op"]
[Site "Aarhus"]
[Date "1998.??.??"]
[Round "2"]
[White "Rendboe, John"]
[Black "Jensen, Vagn"]
[Result "0-1"]
[WhiteElo "2320"]
[BlackElo "2240"]
[PlyCount "60"]
[EventDate "1998.??.??"]
[EventType "swiss"]
[EventRounds "7"]
[EventCountry "DEN"]
[Source "Fruth,M"]
[SourceDate "2003.05.15"]

1. c4 e6 2. d4 d5 3. Nc3 c5 4. cxd5 cxd4 5. Qxd4 Nc6 6. Qd1 exd5 7. Qxd5 Bd7 8.
Nf3 Nf6 9. Qd1 Bc5 10. e3 Qe7 11. Be2 O-O-O 12. O-O g5 13. a3 g4 14. Nd4 Qe5
15. Ncb5 a6 16. b4 Bb6 17. Nxc6 Bxc6 18. Nd4 Rxd4 19. exd4 Qe4 20. f3 Qxd4+ 21.
Kh1 Qxa1 22. Qc2 Qe5 23. Bb2 Bd4 24. Bxd4 Qxd4 25. Bxa6 Kb8 26. b5 Bd5 27. b6
Rc8 28. Qe2 gxf3 29. gxf3 Qxb6 30. Qe5+ Ka7 0-1

[Event "Bischwiller IT"]
[Site "Bischwiller"]
[Date "1998.??.??"]
[Round "2"]
[White "Vallin, Guillaume"]
[Black "Treffert, Peter"]
[Result "1-0"]
[WhiteElo "2270"]
[BlackElo "2325"]
[PlyCount "99"]
[EventDate "1998.??.??"]
[EventType "tourn"]
[EventRounds "9"]
[EventCountry "FRA"]
[Source "Fruth,M"]
[SourceDate "2003.05.15"]

1. d4 d5 2. c4 e6 3. Nc3 c5 4. cxd5 cxd4 5. Qa4+ Bd7 6. Qxd4 exd5 7. Qxd5 Nf6
8. Qb3 Na6 9. Bf4 Nc5 10. Qc2 Rc8 11. e3 Qa5 12. Nf3 Na4 13. Bd3 Nxc3 14. bxc3
Rxc3 15. Qd2 Bb4 16. O-O Ra3 17. Qc2 Be6 18. Nd4 Rc3 19. Qe2 O-O 20. Nxe6 fxe6
21. Bc4 Qf5 22. Rab1 a5 23. Rfd1 Rc8 24. Bb3 Nd5 25. Bxd5 exd5 26. Qb5 R3c5 27.
Qxb7 Qxb1 28. Qxc8+ Rxc8 29. Rxb1 Rc2 30. a4 Kf7 31. Be5 g6 32. g4 Ke6 33. Bd4
Kd6 34. Kg2 Ra2 35. Ra1 Rc2 36. Rb1 Ra2 37. Ra1 Rxa1 38. Bxa1 Kc5 39. f4 Kc4
40. f5 gxf5 41. gxf5 Kb3 42. f6 Kxa4 43. Kf3 Kb5 44. Kf4 Kc6 45. Ke5 Bd6+ 46.
Ke6 Bxh2 47. Bc3 Bd6 48. Bxa5 Bc5 49. f7 h5 50. Bd8 1-0

[Event "CZE-ch TT 2 199899"]
[Site "CZE"]
[Date "1999.??.??"]
[Round "?"]
[White "Hajek, Josef"]
[Black "Lamser, Jan"]
[Result "1/2-1/2"]
[WhiteElo "2215"]
[BlackElo "2230"]
[PlyCount "83"]
[EventDate "1998.??.??"]
[EventType "team"]
[EventRounds "11"]
[EventCountry "CZE"]
[Source "Fruth,M"]
[SourceDate "2003.05.15"]

1. d4 d5 2. c4 e6 3. Nc3 c5 4. cxd5 cxd4 5. Qa4+ Bd7 6. Qxd4 exd5 7. Nf3 Nc6 8.
Qd1 Be6 9. e3 Nf6 10. Be2 Bd6 11. O-O O-O 12. Qa4 Qe7 13. Rd1 Rad8 14. Nb5 Bb8
15. b3 Rfe8 16. Qh4 Ne5 17. Bb2 Ng6 18. Qd4 a6 19. Nc3 Qd6 20. g3 Bg4 21. Ng5
Bxe2 22. Nxe2 Qe7 23. Nf3 Qe6 24. Kg2 Qf5 25. Qd3 Ne4 26. Nc3 Ne5 27. Qe2 Ng4
28. Nxe4 dxe4 29. Nh4 Qe6 30. Rxd8 Rxd8 31. Rd1 Rc8 32. Qd2 h6 33. h3 Ne5 34.
Bxe5 Bxe5 35. Qd5 Qxd5 36. Rxd5 Bf6 37. Nf5 Rc2 38. Nd6 Rxa2 39. Nxb7 Rb2 40.
Nc5 Be7 41. Nxa6 Rxb3 42. Nc7 1/2-1/2

[Event "Capablanca mem Masters B IT"]
[Site "Havana"]
[Date "1998.??.??"]
[Round "5"]
[White "Elissalt Cardenas, Hector"]
[Black "Montalvo, Alejandro"]
[Result "0-1"]
[WhiteElo "2405"]
[BlackElo "2255"]
[PlyCount "70"]
[EventDate "1998.??.??"]
[EventType "tourn"]
[EventRounds "13"]
[EventCountry "CUB"]
[EventCategory "1"]
[Source "Fruth,M"]
[SourceDate "2003.05.15"]

1. d4 d5 2. c4 e6 3. Nc3 c5 4. cxd5 cxd4 5. Qa4+ Bd7 6. Qxd4 exd5 7. Qxd5 Nc6
8. Nf3 Nf6 9. Qd1 Bc5 10. e3 Qe7 11. Be2 g5 12. O-O g4 13. Nd4 O-O-O 14. b4
Bxb4 15. Ncb5 Kb8 16. Rb1 Bc5 17. Qb3 b6 18. Bb2 Rhg8 19. Rfc1 Ne4 20. Rc2 Ne5
21. Ba3 Be6 22. Qa4 Bd5 23. Nf5 Qb7 24. Bxc5 Nxc5 25. Qf4 f6 26. Rxc5 bxc5 27.
Nc3 Qxb1+ 28. Nxb1 Bc4 29. Bxc4 Rd1+ 30. Bf1 Rxb1 31. Qe4 Rb6 32. h3 gxh3 33.
Qd5 Rg5 34. Ng3 h2+ 35. Kxh2 Ng4+ 0-1

[Event "Creon op"]
[Site "Creon"]
[Date "1998.??.??"]
[Round "5"]
[White "Grigore, George"]
[Black "Jacob, Volker"]
[Result "1-0"]
[WhiteElo "2480"]
[BlackElo "2200"]
[PlyCount "81"]
[EventDate "1998.??.??"]
[EventType "swiss"]
[EventRounds "9"]
[EventCountry "FRA"]
[Source "Fruth,M"]
[SourceDate "2003.05.15"]

1. d4 d5 2. c4 e6 3. Nc3 c5 4. cxd5 cxd4 5. Qa4+ Bd7 6. Qxd4 exd5 7. Qxd5 Nc6
8. Nf3 Nf6 9. Qd1 Bc5 10. e3 Qe7 11. Be2 O-O-O 12. O-O g5 13. b4 g4 14. Nd4
Bxb4 15. Qb3 Na5 16. Qb2 h5 17. Bd2 Ba3 18. Qc2 Kb8 19. Ncb5 Nc6 20. Nxc6+ Bxc6
21. Nxa3 Qxa3 22. Bc3 Rh6 23. Rfd1 Re8 24. Rab1 Qc5 25. Qb2 Nd5 26. Be5+ Ka8
27. Rdc1 Qe7 28. Bd4 g3 29. hxg3 h4 30. Bc5 Qc7 31. Qa3 a5 32. gxh4 Rxh4 33.
Bd6 Qd8 34. Rxc6 bxc6 35. Rb8+ Qxb8 36. Bxb8 Rxb8 37. Qd6 Kb7 38. Bb5 Rc8 39.
Qd7+ Nc7 40. Qxc6+ Ka7 41. Qc5+ 1-0

[Event "FIN-ch TT Division A"]
[Site "FIN"]
[Date "1998.??.??"]
[Round "?"]
[White "Hurme, Harri M"]
[Black "Gamback, Bjorn"]
[Result "0-1"]
[WhiteElo "2250"]
[BlackElo "2240"]
[PlyCount "104"]
[EventDate "1998.??.??"]
[EventType "team"]
[EventRounds "7"]
[EventCountry "FIN"]
[Source "Fruth,M"]
[SourceDate "2003.05.15"]

1. d4 d5 2. c4 e6 3. Nc3 c5 4. cxd5 cxd4 5. Qa4+ Bd7 6. Qxd4 exd5 7. Qxd5 Nc6
8. e3 Nf6 9. Qb3 Bc5 10. Nf3 Qe7 11. Bd2 O-O-O 12. Rc1 Kb8 13. Be2 g5 14. Nd5
Nxd5 15. Qxd5 Bb6 16. Qxg5 f6 17. Qh6 Rhg8 18. g3 Rg6 19. Qf4+ Bc7 20. Qc4 Be6
21. Qc2 Bd5 22. O-O Be4 23. Qb3 Bd5 24. Qd1 Qd7 25. Bc3 Qh3 26. Qc2 Bxg3 27.
fxg3 Rxg3+ 28. Kf2 Rg2+ 29. Ke1 Bxf3 30. Bxf3 Rxc2 31. Rxc2 Qh4+ 32. Rff2 Qg5
33. Bxc6 Qxe3+ 34. Kf1 Rd1+ 35. Kg2 Qg5+ 36. Kf3 Rd3+ 37. Ke2 Qe3+ 38. Kf1 Rd1+
39. Kg2 Qg5+ 40. Kf3 bxc6 41. Ke2 Qh5+ 42. Ke3 Qe8+ 43. Kf4 Qg6 44. Rg2 Qh6+
45. Ke4 f5+ 46. Kxf5 Rd5+ 47. Be5+ Kb7 48. Rce2 Qh5+ 49. Kf6 Rd7 50. Ref2 Qh4+
51. Ke6 Re7+ 52. Kd6 Qb4# 0-1

[Event "GER-ch TT Bayern Oberliga 199899"]
[Site "Bayern"]
[Date "1999.??.??"]
[Round "?"]
[White "Gruenberg, Hans Ulrich"]
[Black "Cech, Pavel"]
[Result "1/2-1/2"]
[WhiteElo "2470"]
[BlackElo "2355"]
[PlyCount "31"]
[EventDate "1998.??.??"]
[EventType "team"]
[EventRounds "9"]
[EventCountry "GER"]
[Source "Fruth,M"]
[SourceDate "2003.05.15"]

1. d4 d5 2. c4 e6 3. Nc3 c5 4. cxd5 cxd4 5. Qxd4 Nc6 6. Qd1 exd5 7. Qxd5 Bd7 8.
Qd1 Nf6 9. e3 Bc5 10. a3 Qe7 11. b4 Bd4 12. Bd2 O-O 13. Nf3 Rfd8 14. Be2 Bxc3
15. Bxc3 Bh3 16. Nd2 1/2-1/2

[Event "Korning mem corr T"]
[Site "corr"]
[Date "1998.??.??"]
[Round "?"]
[White "Tanggaard, Hans"]
[Black "Trapl, Jindrich"]
[Result "1-0"]
[WhiteElo "2597"]
[BlackElo "2556"]
[PlyCount "83"]
[EventDate "1998.??.??"]
[EventType "tourn (corr)"]
[EventRounds "15"]
[EventCountry "DEN"]
[EventCategory "11"]
[Source "Fruth,M"]
[SourceDate "2003.05.15"]

1. d4 d5 2. c4 e6 3. Nc3 c5 4. cxd5 cxd4 5. Qa4+ Bd7 6. Qxd4 exd5 7. Qxd5 Nc6
8. e3 Nf6 9. Qb3 Bc5 10. Nf3 Qe7 11. Be2 O-O-O 12. O-O g5 13. Nd4 g4 14. Rd1 h5
15. Bd2 g3 16. hxg3 h4 17. gxh4 Rxh4 18. Bf3 Rdh8 19. g3 Rh2 20. Nd5 Qe5 21.
Nxf6 Qxf6 22. Qd5 Bxd4 23. exd4 Be6 24. Qe4 Bf5 25. Qf4 Qg6 26. Be3 R2h4 27.
Qg5 Qxg5 28. Bxg5 Rxd4 29. Bf6 Rxd1+ 30. Rxd1 Rh6 31. Bc3 Re6 32. Rd5 Be4 33.
Bxe4 Rxe4 34. Kg2 Ne7 35. Rd3 Nc6 36. f4 b5 37. Kf3 Re8 38. g4 b4 39. Bd2 Kc7
40. Rd5 Rh8 41. f5 Rh1 42. Bf4+ 1-0

[Event "Manhems op"]
[Site "Manhems"]
[Date "1998.??.??"]
[Round "7"]
[White "Bekker Jensen, Simon"]
[Black "Jepson, Christian"]
[Result "1-0"]
[WhiteElo "2300"]
[BlackElo "2365"]
[PlyCount "67"]
[EventDate "1998.??.??"]
[EventType "swiss"]
[EventRounds "9"]
[EventCountry "SWE"]
[Source "Fruth,M"]
[SourceDate "2003.05.15"]

1. d4 d5 2. c4 e6 3. Nc3 c5 4. cxd5 cxd4 5. Qa4+ Bd7 6. Qxd4 exd5 7. Qxd5 Nc6
8. Nf3 Nf6 9. Qd1 Bc5 10. e3 Qe7 11. Be2 O-O-O 12. O-O g5 13. b4 Bxb4 14. Qb3
Kb8 15. a3 Bc5 16. Na4 Bd6 17. Rb1 Bc8 18. Bb2 g4 19. Nd4 Nxd4 20. Bxd4 Be5 21.
Bxe5+ Qxe5 22. Rfc1 Qe6 23. Bc4 Qd6 24. Bxf7 Qe7 25. Bc4 Rd6 26. Nc3 Rb6 27.
Qa2 Rxb1 28. Rxb1 Bf5 29. Rd1 h5 30. Nd5 Nxd5 31. Bxd5 Rc8 32. e4 Bxe4 33. Qe2
Rd8 34. Bxe4 1-0

[Event "Petrov mem"]
[Site "St Petersburg"]
[Date "1998.??.??"]
[Round "1"]
[White "Yakovich, Yuri"]
[Black "Panikarovsky, A."]
[Result "1-0"]
[WhiteElo "2570"]
[BlackElo "2380"]
[PlyCount "79"]
[EventDate "1998.??.??"]
[EventType "swiss"]
[EventRounds "9"]
[EventCountry "RUS"]
[Source "Fruth,M"]
[SourceDate "2003.05.15"]

1. d4 d5 2. c4 e6 3. Nc3 c5 4. cxd5 cxd4 5. Qxd4 Nc6 6. Qd1 exd5 7. Qxd5 Bd7 8.
e3 Nf6 9. Qb3 Bc5 10. Nf3 Qe7 11. Be2 O-O-O 12. a3 Kb8 13. Qc2 Rc8 14. O-O g5
15. b4 g4 16. Nh4 Bb6 17. Bb2 Rhg8 18. Rad1 Rg5 19. Qd2 Be6 20. Qd6+ Qxd6 21.
Rxd6 Bc7 22. Rd2 Nd7 23. Nb5 Bb6 24. Nd6 Rd8 25. Rfd1 Nde5 26. b5 Na5 27. Ndf5
Rxd2 28. Bxe5+ Ka8 29. Rxd2 Bxf5 30. Bf6 Rh5 31. h3 Be6 32. hxg4 Rc5 33. Nf5
Bxf5 34. gxf5 Rxf5 35. Rc2 Rc5 36. Bd3 Rxc2 37. Bxc2 Nc4 38. a4 h6 39. Bb3 Nd6
40. Be5 1-0

[Event "RUS-Cup08"]
[Site "Omsk/Perm"]
[Date "1998.??.??"]
[Round "5"]
[White "Fakhretdinov, Robert"]
[Black "Pridorozhni, Aleksei"]
[Result "1-0"]
[WhiteElo "2395"]
[BlackElo "2275"]
[PlyCount "55"]
[EventDate "1998.??.??"]
[EventType "swiss"]
[EventRounds "9"]
[EventCountry "RUS"]
[Source "Fruth,M"]
[SourceDate "2003.05.15"]

1. d4 d5 2. c4 e6 3. Nc3 c5 4. cxd5 cxd4 5. Qa4+ Bd7 6. Qxd4 exd5 7. Qxd5 Nc6
8. e3 Nf6 9. Qd1 Bc5 10. Nf3 Qe7 11. Be2 O-O-O 12. O-O g5 13. b4 g4 14. Nd4 Bd6
15. Ncb5 Bb8 16. Bb2 h5 17. Rc1 Ne4 18. Qa4 Bxh2+ 19. Kxh2 g3+ 20. Kg1 Nxf2 21.
Nf5 Bxf5 22. Rxc6+ bxc6 23. Nxa7+ Kc7 24. Qxc6+ Kb8 25. Qb6+ Ka8 26. Nc6 Nh3+
27. gxh3 Qxe3+ 28. Qxe3 1-0

[Event "RUS-ch sfin"]
[Site "Tula"]
[Date "1998.??.??"]
[Round "4"]
[White "Poliakov, Alexander"]
[Black "Kalugin, Sergei"]
[Result "1-0"]
[WhiteElo "2250"]
[BlackElo "2240"]
[PlyCount "71"]
[EventDate "1998.??.??"]
[EventType "swiss"]
[EventRounds "9"]
[EventCountry "RUS"]
[Source "Fruth,M"]
[SourceDate "2003.05.15"]

1. d4 d5 2. c4 e6 3. Nc3 c5 4. cxd5 cxd4 5. Qa4+ Bd7 6. Qxd4 exd5 7. Qxd5 Nc6
8. a3 Nf6 9. Qd1 Bc5 10. e3 Qe7 11. Be2 O-O-O 12. Qc2 Kb8 13. Nf3 g5 14. b4 Bb6
15. Na4 g4 16. Nxb6 axb6 17. b5 gxf3 18. bxc6 Bxc6 19. Bxf3 Bxf3 20. gxf3 Rc8
21. Qb3 Rhd8 22. Bb2 Nd7 23. Rd1 Nc5 24. Qb5 Rxd1+ 25. Kxd1 Rd8+ 26. Ke2 Nd3
27. Rb1 Qc7 28. Qb3 Qxh2 29. Bd4 Nxf2 30. Qxb6 Ng4+ 31. Kd3 Ne5+ 32. Kc3 Rc8+
33. Bc5 Rc7 34. Qd6 Qa2 35. Qd8+ Rc8 36. Rxb7+ 1-0

[Event "Tatry op"]
[Site "Tatranska Lomnica"]
[Date "1998.??.??"]
[Round "5"]
[White "Dobrotka, Martin"]
[Black "Bazant, P."]
[Result "0-1"]
[WhiteElo "2225"]
[BlackElo "2360"]
[PlyCount "68"]
[EventDate "1998.??.??"]
[EventType "swiss"]
[EventRounds "9"]
[EventCountry "SVK"]
[Source "Fruth,M"]
[SourceDate "2003.05.15"]

1. d4 d5 2. c4 e6 3. Nc3 c5 4. cxd5 cxd4 5. Qxd4 Nc6 6. Qd1 exd5 7. Qxd5 Bd7 8.
Nf3 Nf6 9. Qd1 Bc5 10. e3 Qe7 11. Be2 O-O-O 12. Bd2 Kb8 13. h3 g5 14. a3 g4 15.
hxg4 Bxg4 16. Qc2 Bh5 17. b4 Bg6 18. Qb2 Bb6 19. Na4 Ne4 20. Nxb6 axb6 21. Rd1
Rhe8 22. Bc1 Rxd1+ 23. Bxd1 Rd8 24. Be2 Rd5 25. Nd2 Ne5 26. Qb3 Qd6 27. Nc4 Qf6
28. f3 Ng3 29. Nxe5 Qxe5 30. Rh4 Nxe2 31. Kxe2 Rd3 32. Qa2 Rc3 33. Kd1 Qb5 34.
Bd2 Qf1+ 0-1